00000000nam##2200000za#4500
0019.580956
003CaOODSP
00520231208112831
007cr |||||||||||
008150406|2011||||xxc|||||o    f|0| 0 eng|d
040 |aCaOODSP|beng
043 |an-cn---
0861 |aPS83-5/R240E-PDF
1101 |aCorrectional Service Canada. |bResearch Branch.
24510|aWithin-treatment change on dynamic predictors of sexual offence recidivism / |h[electronic resource]|cPrepared by: Jeffrey Abracen.
260 |aOttawa - Ontario : |bCorrectional Service Canada. |cMay 2011.
300 |a1p.
4901 |aResearch at a glance|vR-240
590 |a14-17-Supp|b2014-10-09
77508|tModification en cours de traitement des prédicteurs dynamiques de la récidive sexuelle / |w(CaOODSP)9.607857
830#0|aResearch at a glance (Correctional Service Canada)|vR-240|w(CaOODSP)9.506649
85640|ahttp://publications.gc.ca|qPDF|s89 KB|uhttps://publications.gc.ca/collections/collection_2014/scc-csc/PS83-5-R240-eng.pdf|yR-240